000 01140naa a22003017a 4500
001 BR7903162
003 BR-BrBNA
005 20240918174404.0
007 ta
008 230509b bl.||||| |||| 00| 0 por d
040 _aBR-BrBNA
_bpor
_cBiblioteca Nacional de Agricultura
041 _a(Pt)
072 _aL30
_b6100
_b8954
090 _aL30 BR7903162
100 1 _aCampos, E.J.
111 1 _a1. Encontro Nacional de Tecnicos em Nutricao Avicola
_cJaboticabal, SP (Brazil)
_d30 Jan 1978
245 1 _aO emprego de racoes de alta densidade de nutrientes para frangos de corte [valor nutritivo]
260 3 _aJaboticabal, SP (Brasil):
_c1978.
500 _aAnais do 1. Encontro Nacional de Tecnicos em Nutricao Avicola Jaboticabal, SP (Brasil): 1978. v. 1 p. 69-84 (BR7903162-AM)L30
650 _aNUTRICAO ANIMAL
650 _aFRANGO DE CORTE
650 _aRACAO
650 _aGANHO DE PESO
650 _aVALOR NUTRITIVO
773 0 _tAnais do 1. Encontro Nacional de Tecnicos em Nutricao Avicola
_wL30 BR7903162
_gJaboticabal, SP (Brasil), 1978. v. 1 p. 69-84
909 _a202404
_bLucia
_c55
_dLucia Elande
942 _cAM
_2AGRIS
999 _c310921
_d310921